[Event "Belgrade Spring op"]
[Site "Belgrade"]
[Date "2010.03.31"]
[Round "8"]
[White "Pantic, Milenko"]
[Black "Jovanovic, Nebojsa M"]
[Result "1-0"]
[WhiteElo "1586"]
[BlackElo "1766"]
[PlyCount "64"]
[EventDate "2010.03.23"]
[EventType "swiss"]
[EventRounds "9"]
[EventCountry "YUG"]
[SourceTitle "CBM 135 Extra"]
[Source "ChessBase"]
[SourceDate "2010.05.04"]
[SourceVersion "1"]
[SourceVersionDate "2010.05.04"]
[SourceQuality "1"]

1. e4 e5 2. Nf3 Nc6 3. Bc4 Bc5 4. a3 Nf6 5. d3 0-0 6. b4 Bb6 7. Bb2 d6 8. c3 Bg4 9. Nbd2 Ne7 10. h3 Bh5 11. g4 Bg6 12. Nh4 h6 13. Qe2 Bh7 14. Bc1 Re8 15. Nf1 d5 16. exd5 Nfxd5 17. Qf3 Nf4 18. Nf5 Nxf5 19. gxf5 Bxf5 20. Bxf4 exf4+ 21. Kd2 Qg5 22. Kc2 Re7 23. Nd2 Qf6 24. Kb2 Bd7 25. Ne4 Qc6 26. Qxf4 Rae8 27. f3 Kh7 28. a4 g5 29. Qf6 Rxe4 30. Qxf7+ Kh8 31. fxe4 Be3 32. Rhe1 Bf4 1-0

[Event "Belgrade Spring op"]
[Site "Belgrade"]
[Date "2010.03.26"]
[Round "4"]
[White "Pantic, Milenko"]
[Black "Sahovic, Rastko"]
[Result "1-0"]
[WhiteElo "1586"]
[BlackElo "1574"]
[PlyCount "105"]
[EventDate "2010.03.23"]
[EventType "swiss"]
[EventRounds "9"]
[EventCountry "YUG"]
[SourceTitle "CBM 135 Extra"]
[Source "ChessBase"]
[SourceDate "2010.05.04"]
[SourceVersion "1"]
[SourceVersionDate "2010.05.04"]
[SourceQuality "1"]

1. f4 d5 2. d4 Nc6 3. Nf3 Nf6 4. e3 Bf5 5. Bb5 e6 6. c3 Be7 7. h3 h6 8. Ne5 Qd6 9. b3 a6 10. Ba3 axb5 11. Bxd6 Bxd6 12. Nd2 b4 13. c4 Bxe5 14. fxe5 Ne4 15. Nxe4 Bxe4 16. 0-0 0-0 17. Qe1 Rad8 18. Rf4 Rfe8 19. Rh4 Kh7 20. g4 g5 21. Rh5 Bg6 22. Qf2 Rf8 23. Kh2 Rd7 24. h4 Bxh5 25. gxh5 Rg8 26. Rg1 Rg7 27. hxg5 hxg5 28. Qf6 g4 29. Kg3 Ne7 30. Rf1 Nf5+ 31. Rxf5 exf5 32. Qxf5+ Kh6 33. Qxd7 dxc4 34. bxc4 f6 35. Qb5 f5 36. Qxb7 Kxh5 37. Qxb4 Kg5 38. Qf8 Rg6 39. d5 Rh6 40. Qxh6+ Kxh6 41. d6 cxd6 42. exd6 Kg6 43. d7 Kf6 44. d8Q+ Ke5 45. Qd5+ Kf6 46. Kf4 Kg6 47. Qxf5+ Kg7 48. Kxg4 Kh6 49. Qf6+ Kh7 50. Kg5 Kg8 51. Qe7 Kh8 52. Kg6 Kg8 53. Qg7# 1-0

[Event "Belgrade op"]
[Site "Belgrade"]
[Date "2009.11.27"]
[Round "4"]
[White "Danojlic, Petar"]
[Black "Pantic, Milenko"]
[Result "1-0"]
[WhiteElo "1895"]
[BlackElo "1572"]
[PlyCount "80"]
[EventDate "2009.11.24"]
[EventType "swiss"]
[EventRounds "9"]
[EventCountry "YUG"]
[SourceTitle "CBM 133 Extra"]
[Source "ChessBase"]
[SourceDate "2010.01.05"]
[SourceVersion "1"]
[SourceVersionDate "2010.01.05"]
[SourceQuality "1"]

1. e4 e5 2. Nf3 d6 3. Bc4 Bg4 4. d3 Bxf3 5. Qxf3 Nf6 6. g4 h6 7. h4 Nc6 8. c3 Qe7 9. a4 Nh7 10. Nd2 Qf6 11. Qg3 g5 12. hxg5 Nxg5 13. Ke2 Qg6 14. Rh5 Nd8 15. Nf1 Nde6 16. Bxg5 Nxg5 17. Ne3 Ne6 18. Bxe6 fxe6 19. f3 Be7 20. d4 exd4 21. cxd4 c6 22. f4 Qxe4 23. Rd1 Kd7 24. Qf3 Qh7 25. f5 Raf8 26. Qe4 exf5 27. Nxf5 Re8 28. Qh1 Bg5+ 29. Kf3 Qf7 30. d5 c5 31. Rd3 Re5 32. Rxg5 hxg5 33. Qxh8 Rxf5+ 34. gxf5 Qxf5+ 35. Ke2 Qe4+ 36. Kd2 Qb4+ 37. Qc3 Qf4+ 38. Re3 Qf2+ 39. Kc1 Qf1+ 40. Re1 Qf4+ 1-0

[Event "Belgrade op"]
[Site "Belgrade"]
[Date "2009.11.24"]
[Round "1"]
[White "Pantic, Milenko"]
[Black "Ilic, Slobodan S"]
[Result "0-1"]
[WhiteElo "1572"]
[BlackElo "2199"]
[PlyCount "114"]
[EventDate "2009.11.24"]
[EventType "swiss"]
[EventRounds "9"]
[EventCountry "YUG"]
[SourceTitle "CBM 133 Extra"]
[Source "ChessBase"]
[SourceDate "2010.01.05"]
[SourceVersion "1"]
[SourceVersionDate "2010.01.05"]
[SourceQuality "1"]

1. d4 Nf6 2. c4 e6 3. Nc3 d5 4. cxd5 exd5 5. Bg5 Be7 6. Bxf6 Bxf6 7. e3 0-0 8. Qf3 c6 9. Bd3 Re8 10. Nge2 Nd7 11. 0-0 Nf8 12. Nf4 Be7 13. a3 a5 14. Rab1 g6 15. Rfc1 h5 16. h3 Bd6 17. Nce2 Qf6 18. Ng3 h4 19. Nf1 Bxf4 20. Qxf4 Qxf4 21. exf4 Ne6 22. Re1 Kf8 23. f5 gxf5 24. Bxf5 Nxd4 25. Rxe8+ Kxe8 26. Re1+ Kf8 27. Bxc8 Rxc8 28. Re5 Re8 29. Rxe8+ Kxe8 30. g3 Nf3+ 31. Kh1 d4 32. Kg2 Ne1+ 33. Kg1 a4 34. Nd2 Nd3 35. b3 hxg3 36. fxg3 b5 37. bxa4 bxa4 38. Kf1 Ne5 39. Ke2 c5 40. Ne4 Nd7 41. Kd3 Ne5+ 42. Kd2 c4 43. Nc5 c3+ 44. Kc2 Nc4 45. Nxa4 Nxa3+ 46. Kc1 Ke7 47. Nc5 Kf6 48. Nd3 Kf5 49. h4 Nc4 50. Kd1 Nd6 51. Ke2 Ne4 52. Kf3 Nf6 53. Ke2 Ng4 54. Nc5 Ne5 55. Nd3 Nxd3 56. Kxd3 Kg4 57. Kc2 f5 0-1